| 000 | 00846nam a2200241 a 4500 | ||
|---|---|---|---|
| 001 | 49692 | ||
| 003 | BD-RjUL | ||
| 005 | 20211209054720.0 | ||
| 008 | 160822s1952 enka b 001 0 eng d | ||
| 035 | _a(BD-RjUL)49812 | ||
| 040 |
_aDLC _cBAL _dUKM _dBD-RjUL _beng |
||
| 041 | _aeng | ||
| 082 |
_a368.3 _bCOP 1952 |
||
| 100 | 1 |
_aCoe, N. E. _q(Norman Edward). _9148989 |
|
| 245 | 1 | 4 |
_aThe practice of life assurance : _ba text-book for actuarial students / _cby N. E. Coe and M. E. Ogborn |
| 260 |
_aCambridge : _bPublished for the Institute of Actuaries and the Faculty of Actuaries at the University Press, _c1952 |
||
| 300 |
_ax, 440 p. : _bill. ; _c23 cm |
||
| 504 | _aIncludes bibliographies and index | ||
| 650 | 0 |
_aLife insurance _9148990 |
|
| 700 | 1 |
_aOgborn, M. E. _q(Maurice Edward). _9148991 |
|
| 942 |
_2ddc _cBK |
||
| 999 |
_c49692 _d49692 |
||